Astronomische beobachtungen auf der strenwarte der koniglichen rheinischen friedrich wilhelms universitat zu bonn (Record no. 1234)
[ view plain ]
| 000 -LEADER | |
|---|---|
| fixed length control field | 00580nam a2200169Ia 4500 |
| 003 - CONTROL NUMBER IDENTIFIER | |
| control field | IN-BaIIA |
| 008 - FIXED-LENGTH DATA ELEMENTS--GENERAL INFORMATION | |
| fixed length control field | 211028s9999 xx 000 0 eng d |
| 040 ## - CATALOGING SOURCE | |
| Transcribing agency | IIA Library |
| 080 ## - UNIVERSAL DECIMAL CLASSIFICATION NUMBER | |
| Universal Decimal Classification number | 52(083) |
| Item number | ARG |
| 100 ## - MAIN ENTRY--PERSONAL NAME | |
| Personal name | Argelander, W. A. |
| 9 (RLIN) | 2605 |
| 245 #0 - TITLE STATEMENT | |
| Title | Astronomische beobachtungen auf der strenwarte der koniglichen rheinischen friedrich wilhelms universitat zu bonn |
| Statement of responsibility, etc. | Argelander, W. A. |
| 260 ## - PUBLICATION, DISTRIBUTION, ETC. | |
| Place of publication, distribution, etc. | Bonn |
| Name of publisher, distributor, etc. | Bei Adolph Marcus |
| Date of publication, distribution, etc. | 1852 |
| 300 ## - PHYSICAL DESCRIPTION | |
| Extent | 99p. |
| 650 ## - SUBJECT ADDED ENTRY--TOPICAL TERM | |
| Topical term or geographic name entry element | Astronomy and Astrophysics Thesaurus |
| 650 ## - SUBJECT ADDED ENTRY--TOPICAL TERM | |
| Topical term or geographic name entry element | Tables |
| 942 ## - ADDED ENTRY ELEMENTS (KOHA) | |
| Koha item type | Books |
| Withdrawn status | Lost status | Source of classification or shelving scheme | Damaged status | Not for loan | Home library | Current library | Shelving location | Date acquired | Total Checkouts | Full call number | Barcode | Date last seen | Price effective from | Koha item type | Purchase Price |
|---|---|---|---|---|---|---|---|---|---|---|---|---|---|---|---|
| Dewey Decimal Classification | IIA Library-Bangalore | IIA Library-Kodaikanal | General Stacks | 52(083)/ ARG | 1302 | 05/11/2021 | Books |